000 00901nam a2200181 i 4500
001 159068
003 ES-MaACL
005 20230906211433.0
008 011126s1900 fr |||| | fre d
100 1 _aMarvá y Mayer, José.
_978576
245 1 0 _aSur quelques détails d´éxecution des épreuves de gélivité des pierres /
_ccommunication présentée par J. Marva Mayer ; Congres International des Methodes d'Essai des Matériaux de Construction tenu à Paris du 9 au Juillet 1900.
260 _aParis :
_bVde. Ch. Dunod,
_c1900 (
_fImp. Lahure)
300 _a14, [12] p. ;
_c33 cm.
500 _aDescripción basada en cub.
650 4 _aMateriales de construcción.
_914844
711 2 _aCongres International des Methodes d´Essai des Matériaux de Construction (
_d1900.
_cParís)
_9135081
852 _aES-MaACL
_jT-992-F-7
_z- Enc. hol. conservando cub. original
_z- Enc. en un vol. facticio
999 _c159068
_d159068